logo

Bir Sreshtho Munshi Abdur Rouf Library
Jhenaidah Cadet College

The essentials of arithmetic : (Record no. 6617)

MARC details
000 -LEADER
fixed length control field 00582nam a22002173 4500
001 - CONTROL NUMBER
JCCL Control Number 6617
003 - CONTROL NUMBER IDENTIFIER
JCCL marc code UkOxU
005 - DATE AND TIME OF LATEST TRANSACTION
control field 20180215123031.0
008 - FIXED-LENGTH DATA ELEMENTS--GENERAL INFORMATION
fixed length control field 970501s1929 enk 000 0 eng d
035 ## - SYSTEM CONTROL NUMBER
system control number OCLC pks04095012 from D970501K
040 ## - CATALOGING SOURCE
Original cataloging agency EQO
Transcribing agency EQO
Modifying agency BD-JhCC
041 ## - LANGUAGE CODE
Language code of Book eng
082 ## - DEWEY DECIMAL CLASSIFICATION NUMBER
Classification number 511
Author mark and Year WAL 1929
100 1# - MAIN ENTRY--PERSONAL NAME
Personal name Walker, Robert,
Titles and other words associated with a name lecturer in mathematics.
245 14 - TITLE STATEMENT
Title The essentials of arithmetic :
Remainder of title a manual for teachers /
Statement of responsibility, etc Robert Walker
260 ## - PUBLICATION, DISTRIBUTION, ETC. (IMPRINT)
Place of publication, distribution, etc Lond. &c.,
Date of publication, distribution, etc 1929.
300 ## - PHYSICAL DESCRIPTION
Pagination 342 p. :
Dimensions 22cm.
650 ## - SUBJECT ADDED ENTRY--TOPICAL TERM
Topical term or geographic name as entry element Arithmetic
942 ## - ADDED ENTRY ELEMENTS (KOHA)
Source of classification or shelving scheme Dewey Decimal Classification
Koha item type Books
Holdings
Source of classification or shelving scheme Damaged status Not for loan Home library Current library Shelving location Total Checkouts Full call number Barcode Date last seen Copy number Koha item type
Dewey Decimal Classification     JCC Rouf Library JCC Rouf Library General Stacks   511 WAL 1929 9062 01/27/2018 C - 1 Books

JCC Library | Contacts | JCC Home

Last Update on 23 September 2017
Copyright @ 2017-2020 JCC Rouf Library
Rouf Library, Jhenidah Cadet College (JCC), Bangladesh